MARC details
| 000 -CABECERA |
| campo de control de longitud fija |
01093nam a2200301 a 4500 |
| 003 - IDENTIFICADOR DEL NÚMERO DE CONTROL |
| campo de control |
DO-SdBNP |
| 005 - FECHA Y HORA DE LA ÚLTIMA TRANSACCIÓN |
| campo de control |
20250204073952.0 |
| 007 - CAMPO FIJO DE DESCRIPCIÓN FÍSICA--INFORMACIÓN GENERAL |
| campo de control de longitud fija |
ta |
| 008 - DATOS DE LONGITUD FIJA--INFORMACIÓN GENERAL |
| campo de control de longitud fija |
091202t2018 dr ac 000 e spa d |
| 020 ## - NÚMERO INTERNACIONAL ESTÁNDAR DEL LIBRO |
| Número Internacional Estándar del Libro |
9789945481914 |
| 040 ## - FUENTE DE LA CATALOGACIÓN |
| Centro catalogador/agencia de origen |
DO-SdBNP |
| Lengua de catalogación |
spa |
| Centro/agencia transcriptor |
BNPHU |
| 082 #4 - NÚMERO DE LA CLASIFICACIÓN DECIMAL DEWEY |
| Número de clasificación |
RD864.44 |
| Número de documento/Ítem |
B583p 2018 |
| Número de edición |
22 |
| 100 1# - ENTRADA PRINCIPAL--NOMBRE DE PERSONA |
| Nombre de persona |
Bichara, Rubén, |
| Fechas asociadas al nombre |
1960- |
| 9 (RLIN) |
31618 |
| 245 10 - MENCIÓN DE TÍTULO |
| Título |
Páginas revueltas / |
| Mención de responsabilidad, etc. |
Rubén Jiménez Bichara ; Prólogo Mariano Lebrón Saviñón; Editor, Rafael Grullón |
| 250 ## - MENCIÓN DE EDICIÓN |
| Mención de edición |
5ta ed. ampliada |
| 260 ## - PUBLICACIÓN, DISTRIBUCIÓN, ETC. |
| Lugar de publicación, distribución, etc. |
Santo Domingo : |
| Nombre del editor, distribuidor, etc. |
Centenario, |
| Fecha de publicación, distribución, etc. |
2018. |
| 300 ## - DESCRIPCIÓN FÍSICA |
| Extensión |
236 p. : |
| Otras características físicas |
il., retrs. ; |
| Dimensiones |
24 cm. |
| 500 ## - NOTA GENERAL |
| Nota general |
Incluye datos biográficos del autor en las solapas. |
| 590 ## - NOTA LOCAL (RLIN) |
| Nota local |
Inventariado, 2021/LP |
| 590 ## - NOTA LOCAL (RLIN) |
| Nota local |
La biblioteca posee 1 ejemplar autografiado por el autor. |
| 650 #0 - PUNTO DE ACCESO ADICIONAL DE MATERIA--TÉRMINO DE MATERIA |
| Término de materia o nombre geográfico como elemento de entrada |
Ensayos dominicanos |
| 9 (RLIN) |
65 |
| 650 #4 - PUNTO DE ACCESO ADICIONAL DE MATERIA--TÉRMINO DE MATERIA |
| Término de materia o nombre geográfico como elemento de entrada |
Autores en literatura |
| Subdivisión general |
Ensayos, conferencias, etc. |
| 9 (RLIN) |
31619 |
| 650 #0 - PUNTO DE ACCESO ADICIONAL DE MATERIA--TÉRMINO DE MATERIA |
| Término de materia o nombre geográfico como elemento de entrada |
Literatura dominicana. |
| 9 (RLIN) |
67 |
| 700 1# - PUNTO DE ACCESO ADICIONAL--NOMBRE DE PERSONA |
| Nombre de persona |
Lebrón Saviñon, Mariano |
| Fechas asociadas al nombre |
1922-2014 |
| Término indicativo de función/relación |
pról. |
| 9 (RLIN) |
7227 |
| 700 1# - PUNTO DE ACCESO ADICIONAL--NOMBRE DE PERSONA |
| Nombre de persona |
Grullón, Rafael, |
| Término indicativo de función/relación |
editor. |
| 9 (RLIN) |
31620 |
| 910 ## - DATOS DE OPCIÓN DEL USUARIO (OCLC) |
| Datos de opción del usuario |
Lopérez |
| 942 ## - ELEMENTOS DE PUNTO DE ACCESO ADICIONAL (KOHA) |
| Fuente del sistema de clasificación o colocación |
Dewey Decimal Classification |
| Tipo de ítem Koha |
Libro |